|
|
|
|
| LEADER |
00000nam a2200000 4500 |
| 001 |
vtls011745980 |
| 003 |
SK-MaSNL |
| 005 |
20260301044727.0 |
| 008 |
200316s2017 xo g 000 j ukr |
| 015 |
|
|
|a SNBA2018/05
|
| 020 |
|
|
|a 9788089755424
|q (brožované)
|
| 035 |
|
|
|a urn:nbn:sk:snk-am00dglv
|
| 035 |
|
|
|a urn:nbn:sk:snk-am3i1lv
|
| 035 |
|
|
|a 3C0EB1C2-08FA-402A-B655-0AAB6E1FC6AD
|
| 040 |
|
|
|a SNK
|b slo
|c SNK
|e rda
|
| 041 |
0 |
|
|a ukr
|
| 044 |
|
|
|a xo
|c SK
|
| 072 |
|
7 |
|a 821.161
|x Východoslovanské literatúry
|2 konspekt
|
| 080 |
|
|
|a 821.161.2-3
|2 2011
|
| 080 |
|
|
|a (082.21)
|2 2011
|
| 100 |
1 |
|
|a Smolej, Štefan,
|d 1933-
|4 aut
|9 106765
|
| 245 |
1 |
0 |
|a Nečekana navštiva
|b vybir iz tvir'by
|c Štefan Smolej
|
| 250 |
|
|
|a Perše vydanja
|
| 264 |
|
1 |
|a [Svidník]
|b Tlačaren' svydnyc'ka
|c 2017
|
| 300 |
|
|
|a 253 strán
|c 21 cm
|
| 336 |
|
|
|a text
|b txt
|2 rdacontent
|
| 337 |
|
|
|a bez média
|b n
|2 rdamedia
|
| 338 |
|
|
|a zväzok
|b nc
|2 rdacarrier
|
| 500 |
|
|
|a Miesto vydania podľa NA ISBN
|
| 500 |
|
|
|a Tiráž aj v slovenčine
|
| 500 |
|
|
|a Na titulnej strane uvedené Midžilabirci
|
| 655 |
|
7 |
|a ukrajinské prózy
|2 SNKPH
|9 70704
|
| 655 |
|
7 |
|a Ukrainian prose
|2 SNKPHeng
|9 326954
|
| 655 |
|
7 |
|a výbery
|2 SNKPH
|9 67620
|
| 655 |
|
7 |
|a Selections
|2 SNKPHeng
|9 277174
|
| 919 |
|
|
|a 978-80-89755-42-4
|
| 958 |
|
|
|a LX
|
| 999 |
|
|
|c 596644
|d 598574
|
| 952 |
|
|
|a SNK
|b SNK
|y PREZ
|7 0
|p 17A1322213
|o snkSC 178622
|i snk2018/6274
|8 0
|0 0
|1 0
|4 0
|d 2018-03-13
|f 1
|l 0
|r 2025-09-19 00:00:00
|w 2026-02-23
|
| 952 |
|
|
|a SNK
|b SNK
|y VYP
|7 0
|p 17A1322214
|o snkSC 178622 D1
|i snk2018/6275
|8 0
|0 0
|1 0
|4 0
|d 2018-03-13
|l 0
|r 2026-02-23 15:42:07
|w 2026-02-23
|